mysqli: Table './ulib62015/stat_globaluid' is marked as crashed and should be repaired
select id from stat_globaluid where statuid='20260518005156_1529'
mysqli: Table './ulib62015/stat_globaluid' is marked as crashed and should be repaired
DELETE FROM stat_globaluid
WHERE id NOT IN (
SELECT id
FROM (
SELECT id
FROM stat_globaluid
ORDER BY id DESC
LIMIT 100
) foo
);
mysqli: Table './ulib62015/stat_globaluid' is marked as crashed and should be repaired
insert into stat_globaluid set
statuid='20260518005156_1529',
dt='1779040316',
phpself='/ULIB62015/dublinfull.php',
agent='Mozilla/5.0 AppleWebKit/537.36 (KHTML, like Gecko; compatible; ClaudeBot/1.0; +claudebot@anthropic.com)',
yea='2026',
mon='5',
dat='18',
ip='216.73.216.45'
mysqli: Table './ulib62015/stathist_viewbib_bib_type' is marked as crashed and should be repaired
insert into stathist_viewbib_bib_type set
dat='18' ,
mon='05' ,
yea='2026' ,
statuid='20260518005156_1529' ,
head='13399120643' ,
foot='marc' ,
dt='1779040316'
| LEADER : 00000nam 2200000uu 4500 |
| 008 130312s||||||||th 000 0 tha d |
| 020 ^a9789740319023
|
| 050 4 ^aT11^bท591ป 2552
|
| 245 00 ^aเทคนิคการเขียนและผลิตตำรา /^cปรีชา ช้างขวัญยืน บรรณาธิการ
|
| 250 ^aพิมพ์ครั้งที่ 6 ฉบับปรับปรุง
|
| 260 ^aกรุงเทพฯ :^bสำนักพิมพ์แห่งจุฬาลงกรณ์มหาวิทยาลัย,^c2552
|
| 300 ^a259 หน้า :^bภาพประกอบ
|
| 650 7 ^aการเขียนทางวิชาการ
|
| 650 7 ^aตำรา^xการพิมพ์
|
| 700 0 ^aปรีชา ช้างขวัญยืน,^eบรรณาธิการ
|
| 945 ^p0^l0^i020651 |
| 999 ^aยมมะณา จันทร์ฉิม
|
| คุณยังไม่ได้ล็อกอิน คุณสามารถมีกิจกรรมร่วมกับเว็บไซต์ได้ แต่ต้องล็อกอินก่อน :: |
|
|
|
| ลำดับที่ |
ประเภท |
เลขเรียก/บาร์โค้ด |
สถานที่ |
สถานะ |
| 1. |
 หนังสือ | T11 ท591ป 2552 Barcode: 020651 | หนังสือทั่วไป | บนชั้น ขอยืม |
รายการใกล้เคียง
หัวเรื่อง [การเขียนทางวิชาการ]
|
|
ยังไม่เคยถูกคอมเมนท์
|
| คอมเมนท์ทรัพยากรรายการนี้ |
|